| 000 | 00525nab a2200145Ia 4500 | ||
|---|---|---|---|
| 003 | ES-SlBCS | ||
| 005 | 20220621112058.0 | ||
| 008 | 140529s2005 xxu||||| |||| 00| 0 spa d | ||
| 041 | _aspa | ||
| 100 | 1 |
_aDíez Bosch, Miriam _974105 |
|
| 245 | 0 | 0 |
_aBenedicto XVI descansa entre montañas, también de libros. Pese a ello, sigue pendiente de la actualidad en Londres, Irak, Kenia... _c Miriam Díez Bosch |
| 600 | 0 | 4 |
_aBenedicto XVI-Descanso _9325876 |
| 773 | 0 |
_tVida Nueva _gnº. 2481, 2005, págs. 16-17 _wRev492 |
|
| 942 | _cAR | ||
| 999 |
_c744695 _d744695 |
||